[Event "Niederbayrische Meisterschaft"]
[Site "?"]
[Date "2015.06.18"]
[Round "1.1"]
[White "Bergmann, Reiner"]
[Black "Bielmeier, Ludwig"]
[Result "0-1"]
[WhiteElo "1841"]
[BlackElo "2151"]
[PlyCount "76"]
[EventDate "2015.06.26"]
[SourceDate "2015.09.06"]
[WhiteTeam "SC Bayerwald Regen/Zwiesel"]
[BlackTeam "SV Deggendorf"]
[WhiteTeamCountry "GER"]
[BlackTeamCountry "GER"]

1. e4 c6 2. d4 d5 3. exd5 cxd5 4. Nc3 Bf5 5. Bd3 Qd7 6. Bf4 Bxd3 7. Qxd3 Nc6 8.
Nf3 e6 9. Ne5 Nxe5 10. Bxe5 f6 11. Bg3 Bb4 12. O-O Bxc3 13. Qxc3 Ne7 14. Rfe1
Rc8 15. Qd3 O-O 16. c3 Rc6 17. Re2 Rfc8 18. Qb5 a6 19. Qb3 Re8 20. h3 Nc8 21.
Rae1 Nb6 22. f4 f5 23. a4 Nc4 24. Qc2 Nd6 25. Bf2 Ne4 26. g4 Rc4 27. a5 Rec8
28. gxf5 exf5 29. Be3 Ra4 30. Rg2 Rxa5 31. Kh2 Rb5 32. Reg1 g6 33. Qe2 Rc6 34.
Qe1 Qe7 35. h4 Nf6 36. Re2 Re6 37. Rg3 Ng4+ 38. Kh1 Qxh4+ 0-1

[Event "Niederbayrische Meisterschaft"]
[Site "?"]
[Date "2015.06.18"]
[Round "1.2"]
[White "Zepke, Armin"]
[Black "Schoenbuchner, Gerhard"]
[Result "1/2-1/2"]
[WhiteElo "2109"]
[BlackElo "1793"]
[PlyCount "74"]
[EventDate "2015.06.26"]
[SourceDate "2015.09.06"]
[WhiteTeam "SC Bayerwald Regen/Zwiesel"]
[BlackTeam "TSV Aidenbach"]
[WhiteTeamCountry "GER"]
[BlackTeamCountry "GER"]

1. d4 e5 2. dxe5 Nc6 3. Nf3 Nge7 4. Bd2 Ng6 5. Bc3 Bb4 6. e3 Qe7 7. Be2 Ncxe5
8. Nxe5 Nxe5 9. O-O Bxc3 10. Nxc3 c6 11. Qd4 O-O 12. f4 Ng6 13. f5 Ne5 14. f6
gxf6 15. Ne4 f5 16. Rxf5 d6 17. Nf6+ Kg7 18. Rf2 Rh8 19. Raf1 Be6 20. Bd3 h6
21. Qh4 Nxd3 22. cxd3 Bxa2 23. Rf3 Kf8 24. Rg3 Qe6 25. Rf4 Qb3 26. Qg4 Qxd3 27.
h3 Be6 28. Qg7+ Ke7 29. Ne4 Rhg8 30. Qf6+ Kd7 31. Rxg8 Rxg8 32. Qxh6 Qxe3+ 33.
Kh2 Kd8 34. Qf6+ Kd7 35. Qh6 Kd8 36. Qf6+ Kd7 37. Qh6 Kd8 1/2-1/2

[Event "Niederbayrische Meisterschaft"]
[Site "?"]
[Date "2015.06.18"]
[Round "1.3"]
[White "Huber, Florian"]
[Black "Woitylak, Steffen"]
[Result "1/2-1/2"]
[WhiteElo "1754"]
[BlackElo "2083"]
[PlyCount "41"]
[EventDate "2015.06.26"]
[SourceDate "2015.09.06"]
[WhiteTeam "SK Landau/Dingolfing"]
[BlackTeam "TV 1862 Geiselhöring"]
[WhiteTeamCountry "GER"]
[BlackTeamCountry "GER"]

1. d4 f5 2. c4 Nf6 3. Nf3 e6 4. g3 c6 5. Nc3 d5 6. cxd5 exd5 7. Bf4 Be7 8. Bg2
O-O 9. O-O Nbd7 10. Qc2 Nh5 11. Be5 Nxe5 12. Nxe5 Bd6 13. f4 Be6 14. e3 Qe7 15.
a3 Nf6 16. Rfe1 Rac8 17. Rac1 Kh8 18. Qa4 Bb8 19. b4 Nd7 20. Qb3 a6 21. Na4
1/2-1/2

[Event "Niederbayrische Meisterschaft"]
[Site "?"]
[Date "2015.06.18"]
[Round "1.4"]
[White "Palmi, Herbert"]
[Black "Bangert, Rüdiger"]
[Result "1-0"]
[WhiteElo "2082"]
[BlackElo "1614"]
[PlyCount "59"]
[EventDate "2015.06.26"]
[SourceDate "2015.09.06"]
[WhiteTeam "SC Bayerwald Regen/Zwiesel"]
[BlackTeam "SC Bayerwald Regen/Zwiesel"]
[WhiteTeamCountry "GER"]
[BlackTeamCountry "GER"]

1. e4 d6 2. d4 g6 3. Be3 Nf6 4. f3 Bg7 5. Qd2 O-O 6. Nc3 Nbd7 7. g4 e5 8. d5
Nxg4 9. fxg4 Qh4+ 10. Qf2 Bf6 11. Qxh4 Bxh4+ 12. Kd2 Nf6 13. Nf3 g5 14. Nxh4
gxh4 15. Bh6 Re8 16. Be2 h3 17. Raf1 Nxg4 18. Bxg4 Bxg4 19. Rhg1 Kh8 20. Rxg4
Rg8 21. Rfg1 Rg6 22. Rxg6 hxg6 23. Rg3 c6 24. Rxh3 Kg8 25. Bg5 Kg7 26. Be7 cxd5
27. Nxd5 Rg8 28. Nf6 Rh8 29. Rxh8 Kxh8 30. Bxd6 1-0

[Event "Niederbayrische Meisterschaft"]
[Site "?"]
[Date "2015.06.18"]
[Round "1.5"]
[White "Lichtmannecker, Hans-Jürgen"]
[Black "Stadler, Alexander"]
[Result "0-1"]
[WhiteElo "1737"]
[BlackElo "2060"]
[PlyCount "88"]
[EventDate "2015.06.26"]
[SourceDate "2015.09.06"]
[WhiteTeam "SV Aham"]
[BlackTeam "SV Röhrnbach"]
[WhiteTeamCountry "GER"]
[BlackTeamCountry "GER"]

1. d4 d5 2. Nc3 Nf6 3. Bg5 Nbd7 4. Nf3 e6 5. e4 h6 6. Bxf6 Nxf6 7. e5 Nd7 8.
Ne2 c5 9. c3 Qb6 10. Qc2 Nb8 11. a4 Nc6 12. g3 Bd7 13. b3 Rc8 14. Qb2 cxd4 15.
Nexd4 Nxd4 16. Nxd4 Qc7 17. f4 Qxc3+ 18. Qxc3 Rxc3 19. Rb1 Bb4 20. Kd1 Ke7 21.
Nc2 Ba5 22. Rb2 Rhc8 23. Rg1 d4 24. Nxd4 Bb6 25. Rd2 Rd8 26. Rgg2 Bxd4 27. Rxd4
Bc6 28. Rgd2 Rxd4 29. Rxd4 Rxb3 30. Bd3 Ra3 31. Bc2 Ra1+ 32. Kd2 Rh1 33. h4 Rh3
34. Rd3 Rh2+ 35. Kc3 Rxc2+ 36. Kxc2 Be4 37. Kc3 Bxd3 38. Kxd3 h5 39. Kc4 Kd7
40. Kc5 Kc7 41. Kb5 a6+ 42. Kb4 Kc6 43. Kc4 b5+ 44. Kb4 bxa4 0-1

[Event "Niederbayrische Meisterschaft"]
[Site "?"]
[Date "2015.06.18"]
[Round "1.6"]
[White "Beutel, Hubert"]
[Black "Zinner, Bernhard"]
[Result "1-0"]
[WhiteElo "2041"]
[BlackElo "1708"]
[PlyCount "91"]
[EventDate "2015.06.26"]
[SourceDate "2015.09.06"]
[WhiteTeam "SK Passau 1869"]
[BlackTeam "TV 1862 Geiselhöring"]
[WhiteTeamCountry "GER"]
[BlackTeamCountry "GER"]

1. e4 d5 2. exd5 Qxd5 3. Nc3 Qa5 4. d4 c6 5. Nf3 Nf6 6. Bc4 Bg4 7. Bd2 Qc7 8.
Qe2 e6 9. Ne4 Nxe4 10. Qxe4 Bf5 11. Qe2 Be7 12. Bb3 O-O 13. c4 a5 14. Rc1 Bf6
15. Bc3 Qf4 16. Bd2 Qg4 17. O-O Be4 18. Bc3 Bxf3 19. Qxf3 Qxf3 20. gxf3 b5 21.
cxb5 cxb5 22. d5 Bg5 23. Rcd1 a4 24. Bc2 Ra6 25. dxe6 fxe6 26. Be4 Bf4 27. Rd3
Nc6 28. Rfd1 Ne5 29. Rd8 Ng6 30. Bb4 Rxd8 31. Rxd8+ Kf7 32. Rd7+ Kf6 33. Rb7
Be5 34. Rxb5 Ra7 35. Bxg6 hxg6 36. Bd2 g5 37. Bxg5+ Kxg5 38. Rxe5+ Kf6 39. Rb5
e5 40. Kg2 Kf5 41. Kg3 g5 42. b3 axb3 43. axb3 Ra1 44. Kg2 Kf4 45. Rb8 Kf5 46.
b4 1-0

[Event "Niederbayrische Meisterschaft"]
[Site "?"]
[Date "2015.06.18"]
[Round "1.7"]
[White "Mittermaier, Johann"]
[Black "Gschwendtner, Stanislav"]
[Result "0-1"]
[WhiteElo "1666"]
[BlackElo "2019"]
[PlyCount "40"]
[EventDate "2015.06.26"]
[SourceDate "2015.09.06"]
[WhiteTeam "SV Deggendorf"]
[BlackTeam "SC Bayerwald Regen/Zwiesel"]
[WhiteTeamCountry "GER"]
[BlackTeamCountry "GER"]

1. e4 c5 2. Nc3 Nc6 3. f4 g6 4. Bb5 Nd4 5. Nf3 Bg7 6. a4 a6 7. Bc4 e6 8. O-O
Ne7 9. d3 O-O 10. Ne2 Nxf3+ 11. Rxf3 d5 12. exd5 exd5 13. Bb3 Bg4 14. Rf1 Nc6
15. h3 Bd4+ 16. Kh2 Re8 17. Rf3 Bxf3 18. gxf3 Qh4 19. Ng3 Bf2 20. Nh1 Re1 0-1

[Event "Niederbayrische Meisterschaft"]
[Site "?"]
[Date "2015.06.18"]
[Round "1.8"]
[White "Haselbeck, Franz"]
[Black "Schreiber, Egwin"]
[Result "1/2-1/2"]
[WhiteElo "1920"]
[BlackElo "1521"]
[PlyCount "162"]
[EventDate "2015.06.26"]
[SourceDate "2015.09.06"]
[WhiteTeam "SV Deggendorf"]
[BlackTeam "SV Deggendorf"]
[WhiteTeamCountry "GER"]
[BlackTeamCountry "GER"]

1. Nf3 e6 2. g3 d5 3. Bg2 Nf6 4. d3 Bb4+ 5. c3 Bd6 6. O-O O-O 7. Re1 Nc6 8. e4
dxe4 9. dxe4 e5 10. Nbd2 Bg4 11. Nc4 Qe7 12. Qc2 Rad8 13. Ne3 Bc5 14. h3 Be6
15. Ng5 h6 16. Nxe6 Qxe6 17. b4 Bxe3 18. Bxe3 a6 19. a4 Qc4 20. Bc5 Rfe8 21.
Bf1 Qe6 22. a5 Rd7 23. Rad1 Red8 24. f3 Nh5 25. Bf2 Rxd1 26. Rxd1 Rxd1 27. Qxd1
Qg6 28. Kh2 Nf6 29. Qd3 Qg5 30. Qe3 Qxe3 31. Bxe3 Nd7 32. h4 f6 33. Bh3 Nf8 34.
Bc5 Nd8 35. Bf1 Kf7 36. Bc4+ Nfe6 37. f4 exf4 38. gxf4 Ke8 39. Be3 Ke7 40. f5
Nf8 41. Bc5+ Ke8 42. Be2 Nd7 43. Bh5+ Nf7 44. Bd4 Ke7 45. Kg3 Nd6 46. Kf4 Nb5
47. Be2 Nxd4 48. cxd4 Kd6 49. Bc4 Nb8 50. e5+ fxe5+ 51. dxe5+ Ke7 52. Bd5 b6
53. Bb7 bxa5 54. bxa5 Kd7 55. Bd5 Ke7 56. h5 Nd7 57. Bc4 Nb8 58. Ke3 Nc6 59.
Ke4 Nxa5 60. Bxa6 Nc6 61. Bc4 Na5 62. Be6 Nc6 63. Kd5 Nd8 64. Bg8 Kd7 65. Kd4
Nc6+ 66. Ke4 Nd8 67. Bd5 Ke7 68. Kd4 Kd7 69. Kc5 Ke7 70. Bb3 Kd7 71. Ba4+ Ke7
72. Bb3 Kd7 73. Bd5 Ke7 74. Bc6 Nf7 75. Kd5 Nd8 76. e6 Kf6 77. Bd7 Ke7 78. Bc8
Kf6 79. Bd7 Ke7 80. Bc6 Kf6 81. Ba8 Ke7 1/2-1/2

[Event "Niederbayrische Meisterschaft"]
[Site "?"]
[Date "2015.06.18"]
[Round "1.9"]
[White "Seidl, Josef"]
[Black "Golder, Waldemar"]
[Result "0-1"]
[WhiteElo "1177"]
[BlackElo "1897"]
[PlyCount "70"]
[EventDate "2015.06.26"]
[SourceDate "2015.09.06"]
[WhiteTeam "TSV Kreuzberg"]
[BlackTeam "SC Ergolding 1932"]
[WhiteTeamCountry "GER"]
[BlackTeamCountry "GER"]

1. Nf3 c5 2. c4 Nf6 3. g3 d5 4. Bg2 Nc6 5. O-O e5 6. d3 Be7 7. b3 Bg4 8. Bb2 d4
9. Nbd2 Qd7 10. a3 O-O 11. Ra2 Rab8 12. Qb1 Ne8 13. Re1 f5 14. h3 Bh5 15. Nh2
Nf6 16. e3 Bd6 17. Ba1 a5 18. Ndf3 Rbe8 19. Rb2 Bg6 20. Nh4 Bh5 21. Bf3 Bxf3
22. N4xf3 e4 23. Nd2 Ne5 24. dxe4 fxe4 25. Nxe4 Nxe4 26. exd4 Nc3 27. Qc2 cxd4
28. Kg2 Bxa3 29. f4 Nc6 30. Qd3 Rxe1 31. f5 Ne5 32. Qd2 Re2+ 33. Qxe2 Nxe2 34.
Rxe2 Rxf5 35. Re4 Qc6 0-1

[Event "Niederbayrische Meisterschaft"]
[Site "?"]
[Date "2015.06.18"]
[Round "2.1"]
[White "Bielmeier, Ludwig"]
[Black "Beutel, Hubert"]
[Result "1-0"]
[WhiteElo "2151"]
[BlackElo "2041"]
[PlyCount "85"]
[EventDate "2015.06.26"]
[SourceDate "2015.09.06"]
[WhiteTeam "SV Deggendorf"]
[BlackTeam "SK Passau 1869"]
[WhiteTeamCountry "GER"]
[BlackTeamCountry "GER"]

1. Nf3 Nf6 2. g3 b6 3. Bg2 Bb7 4. c4 c5 5. O-O e6 6. b3 Be7 7. Bb2 O-O 8. e3
Na6 9. Qe2 Nc7 10. Nc3 d5 11. d4 dxc4 12. bxc4 Ne4 13. Nxe4 Bxe4 14. Rfd1 Qe8
15. a4 Bf6 16. dxc5 bxc5 17. Bxf6 gxf6 18. Qb2 Qe7 19. Nd2 Bxg2 20. Kxg2 Rfb8
21. Qc3 Rb4 22. Kg1 a5 23. Nb3 Ne8 24. Qd3 f5 25. Qc3 Nf6 26. Nxc5 Qxc5 27.
Qxf6 Rxc4 28. h4 f4 29. gxf4 Rc2 30. Rab1 Qh5 31. Rd8+ Rxd8 32. Qxd8+ Kg7 33.
Qd4+ Kh6 34. Qf6+ Qg6+ 35. Qxg6+ hxg6 36. Rb5 Rc4 37. Rxa5 f5 38. Kg2 e5 39.
fxe5 Rxh4 40. f4 g5 41. Ra8 Rg4+ 42. Kf3 Rg1 43. e6 1-0

[Event "Niederbayrische Meisterschaft"]
[Site "?"]
[Date "2015.06.18"]
[Round "2.2"]
[White "Gschwendtner, Stanislav"]
[Black "Palmi, Herbert"]
[Result "1/2-1/2"]
[WhiteElo "2019"]
[BlackElo "2082"]
[PlyCount "61"]
[EventDate "2015.06.26"]
[SourceDate "2015.09.06"]
[WhiteTeam "SC Bayerwald Regen/Zwiesel"]
[BlackTeam "SC Bayerwald Regen/Zwiesel"]
[WhiteTeamCountry "GER"]
[BlackTeamCountry "GER"]

1. d4 d6 2. c4 Nd7 3. e4 e5 4. d5 c5 5. dxc6 bxc6 6. Nc3 Ngf6 7. Be3 Qa5 8. f3
Be7 9. g4 h6 10. a3 c5 11. Rb1 a6 12. b4 Qc7 13. h4 Nf8 14. Rc1 Ne6 15. Nd5 Qd8
16. Nxe7 Qxe7 17. Ne2 Bb7 18. Ng3 g6 19. h5 Nd4 20. Bg2 g5 21. O-O Bc8 22. Re1
O-O 23. Rc3 Kh7 24. Rd3 Bd7 25. Nf5 Bxf5 26. exf5 Qa7 27. a4 Qc7 28. Qd2 Rg8
29. Rc1 Rab8 30. b5 Qd7 31. Bf2 1/2-1/2

[Event "Niederbayrische Meisterschaft"]
[Site "?"]
[Date "2015.06.18"]
[Round "2.3"]
[White "Stadler, Alexander"]
[Black "Golder, Waldemar"]
[Result "0-1"]
[WhiteElo "2060"]
[BlackElo "1897"]
[PlyCount "120"]
[EventDate "2015.06.26"]
[SourceDate "2015.09.06"]
[WhiteTeam "SV Röhrnbach"]
[BlackTeam "SC Ergolding 1932"]
[WhiteTeamCountry "GER"]
[BlackTeamCountry "GER"]

1. d4 d5 2. Nf3 Nf6 3. c4 c6 4. e3 Bf5 5. Nc3 e6 6. Nh4 Bg6 7. Qb3 Qc7 8. Bd2
Nbd7 9. Rc1 Qb6 10. Nxg6 hxg6 11. Qc2 Be7 12. Be2 Rc8 13. c5 Qc7 14. f4 Nh5 15.
O-O f5 16. g4 Nhf6 17. g5 Ng8 18. b4 a6 19. Rf2 Bd8 20. a4 Ra8 21. b5 axb5 22.
axb5 Qc8 23. Qb2 Ne7 24. b6 Kf7 25. Rg2 Qb8 26. Kf2 Nc8 27. Rh1 Rh3 28. Rg3 Rh4
29. h3 Be7 30. Rc1 Bf8 31. Qb3 Rh8 32. Na4 Ne7 33. Rh1 Rh4 34. Rf3 Nc8 35. Kg3
Rh7 36. h4 Ne7 37. Kf2 Kg8 38. Rfh3 Qd8 39. Qd1 Qb8 40. h5 gxh5 41. Bxh5 g6 42.
Be2 Rxh3 43. Rxh3 Bg7 44. Bb4 Kf7 45. Nc3 Qg8 46. Rh1 Qb8 47. Qb1 Bxd4 48. exd4
Qxf4+ 49. Ke1 Qxd4 50. Nd1 e5 51. Rh7+ Ke6 52. Rh1 Ra4 53. Bc3 Qxc5 54. Qd3
Nxb6 55. Qg3 d4 56. Bd2 Ra3 57. Qf2 Nbd5 58. Rh6 Qc2 59. Rh7 Ra2 60. Bf3 e4 0-1

[Event "Niederbayrische Meisterschaft"]
[Site "?"]
[Date "2015.06.18"]
[Round "2.4"]
[White "Schreiber, Egwin"]
[Black "Zepke, Armin"]
[Result "0-1"]
[WhiteElo "1521"]
[BlackElo "2109"]
[PlyCount "52"]
[EventDate "2015.06.26"]
[SourceDate "2015.09.06"]
[WhiteTeam "SV Deggendorf"]
[BlackTeam "SC Bayerwald Regen/Zwiesel"]
[WhiteTeamCountry "GER"]
[BlackTeamCountry "GER"]

1. e4 c6 2. d4 d5 3. e5 Bf5 4. Nf3 e6 5. Be2 Nd7 6. O-O Ne7 7. Nh4 Bg6 8. Bg5
Qb6 9. Bc1 c5 10. c3 Nc6 11. Nf3 Be7 12. b3 cxd4 13. cxd4 O-O 14. Bb2 Rac8 15.
Bd3 Bxd3 16. Qxd3 Nb4 17. Qd1 Nc2 18. Nc3 Nxa1 19. Qxa1 Rc6 20. h3 Rfc8 21. Rd1
Qa5 22. Rd3 Ba3 23. Nd1 Bxb2 24. Qxb2 Rc2 25. Qb1 Rc1 26. Qb2 R8c2 0-1

[Event "Niederbayrische Meisterschaft"]
[Site "?"]
[Date "2015.06.18"]
[Round "2.5"]
[White "Woitylak, Steffen"]
[Black "Haselbeck, Franz"]
[Result "0-1"]
[WhiteElo "2083"]
[BlackElo "1920"]
[PlyCount "56"]
[EventDate "2015.06.26"]
[SourceDate "2015.09.06"]
[WhiteTeam "TV 1862 Geiselhöring"]
[BlackTeam "SV Deggendorf"]
[WhiteTeamCountry "GER"]
[BlackTeamCountry "GER"]

1. Nf3 d5 2. b3 Nc6 3. Bb2 Nf6 4. e3 Bg4 5. Be2 e6 6. O-O Bd6 7. d4 O-O 8. c4
b6 9. Ne5 Bxe2 10. Qxe2 Bxe5 11. dxe5 Nd7 12. cxd5 Ncxe5 13. f4 Ng6 14. dxe6
fxe6 15. Na3 Nc5 16. Rad1 Qe7 17. b4 Na4 18. Ba1 Qxb4 19. Nb5 Qe7 20. f5 Nh4
21. f6 gxf6 22. Qc4 f5 23. Qxa4 Qg5 24. Rf2 Rad8 25. Re1 Rd3 26. Qc4 Rxe3 27.
Rxe3 Qxe3 28. Qxh4 Qe1+ 0-1

[Event "Niederbayrische Meisterschaft"]
[Site "?"]
[Date "2015.06.18"]
[Round "2.6"]
[White "Schoenbuchner, Gerhard"]
[Black "Huber, Florian"]
[Result "1/2-1/2"]
[WhiteElo "1793"]
[BlackElo "1754"]
[PlyCount "70"]
[EventDate "2015.06.26"]
[SourceDate "2015.09.06"]
[WhiteTeam "TSV Aidenbach"]
[BlackTeam "SK Landau/Dingolfing"]
[WhiteTeamCountry "GER"]
[BlackTeamCountry "GER"]

1. e4 e5 2. Nf3 Nc6 3. Bc4 Bc5 4. c3 d6 5. b4 Bb6 6. a4 a6 7. Qb3 Qe7 8. d3 Nf6
9. Ng5 O-O 10. a5 Ba7 11. b5 axb5 12. Bxb5 Nxa5 13. Qb2 Bb6 14. O-O h6 15. Nf3
Bd7 16. Bxd7 Nxd7 17. Be3 Bxe3 18. fxe3 Nc5 19. Qc2 Nc6 20. Nbd2 Qd8 21. d4 Nd7
22. Nc4 Qb8 23. Nh4 Ne7 24. Qe2 b5 25. Rab1 Qb7 26. Nf5 Nxf5 27. exf5 Qc6 28.
Nd2 Ra2 29. Qd3 exd4 30. exd4 Re8 31. Rf2 Rb8 32. Re1 Nf6 33. Rfe2 Qb6 34. Ne4
Rxe2 35. Nxf6+ gxf6 1/2-1/2

[Event "Niederbayrische Meisterschaft"]
[Site "?"]
[Date "2015.06.18"]
[Round "2.7"]
[White "Zinner, Bernhard"]
[Black "Bergmann, Reiner"]
[Result "1-0"]
[WhiteElo "1708"]
[BlackElo "1841"]
[PlyCount "101"]
[EventDate "2015.06.26"]
[SourceDate "2015.09.06"]
[WhiteTeam "TV 1862 Geiselhöring"]
[BlackTeam "SC Bayerwald Regen/Zwiesel"]
[WhiteTeamCountry "GER"]
[BlackTeamCountry "GER"]

1. d4 Nf6 2. c4 g6 3. Nf3 Bg7 4. Nc3 O-O 5. e3 d6 6. Be2 Nbd7 7. O-O e5 8. d5
Ne8 9. Qc2 f5 10. b4 h6 11. Rd1 Nef6 12. Ba3 b6 13. Rac1 a5 14. bxa5 Rxa5 15.
Nb5 Ra8 16. Bb4 g5 17. Qxf5 Nc5 18. Qc2 Nfe4 19. Bxc5 Nxc5 20. Nc3 Qf6 21. Rf1
h5 22. Nd2 Bf5 23. e4 Bg6 24. Nb3 Nxb3 25. axb3 Be8 26. Nb5 Rc8 27. Na7 Ra8 28.
Nc6 Bxc6 29. dxc6 g4 30. b4 Qg5 31. Qd3 Ra2 32. Rc2 Rfa8 33. c5 Rxc2 34. Qxc2
bxc5 35. bxc5 Bf8 36. Qb3+ Kg7 37. Qb7 Qd8 38. cxd6 Bxd6 39. Rd1 Ra2 40. Bc4
Ra3 41. Qb2 Qf6 42. Qd2 Ra8 43. g3 Rf8 44. Qe3 Rb8 45. Kg2 Rb2 46. Rf1 Kg6 47.
Qc3 Rb8 48. f3 Bb4 49. Qc1 Rd8 50. fxg4 Qh8 51. Bf7+ 1-0

[Event "Niederbayrische Meisterschaft"]
[Site "?"]
[Date "2015.06.18"]
[Round "2.8"]
[White "Bangert, Rüdiger"]
[Black "Mittermaier, Johann"]
[Result "1-0"]
[WhiteElo "1614"]
[BlackElo "1666"]
[PlyCount "83"]
[EventDate "2015.06.26"]
[SourceDate "2015.09.06"]
[WhiteTeam "SC Bayerwald Regen/Zwiesel"]
[BlackTeam "SV Deggendorf"]
[WhiteTeamCountry "GER"]
[BlackTeamCountry "GER"]

1. d4 Nf6 2. c4 c5 3. Nf3 g6 4. e3 cxd4 5. Nxd4 Bg7 6. Bd3 d5 7. Bd2 O-O 8. Nc3
dxc4 9. Bxc4 b6 10. Qf3 Qc7 11. Qxa8 e5 12. Bxf7+ Rxf7 13. Ndb5 Qb7 14. Qxb7
Bxb7 15. O-O Ba6 16. a4 Nc6 17. Rfd1 Na5 18. Be1 h5 19. Rd8+ Kh7 20. Rad1 Nc4
21. b3 Na5 22. Rb1 g5 23. f3 Bf8 24. Nd5 Nxd5 25. Rxd5 Nc6 26. Rbd1 Bc8 27. Nd6
Bxd6 28. Rxd6 Ne7 29. e4 Ng6 30. b4 g4 31. Kf2 gxf3 32. gxf3 Nh4 33. R1d3 Bg4
34. h3 Bc8 35. Kg3 Ng6 36. Rd8 Nf4 37. Rd2 Rg7+ 38. Kh2 Bxh3 39. Bg3 Be6 40.
Bxf4 exf4 41. R2d6 Re7 42. Rf8 1-0

[Event "Niederbayrische Meisterschaft"]
[Site "?"]
[Date "2015.06.18"]
[Round "2.9"]
[White "Seidl, Josef"]
[Black "Lichtmannecker, Hans-Jürgen"]
[Result "0-1"]
[WhiteElo "1177"]
[BlackElo "1737"]
[PlyCount "92"]
[EventDate "2015.06.26"]
[SourceDate "2015.09.06"]
[WhiteTeam "TSV Kreuzberg"]
[BlackTeam "SV Aham"]
[WhiteTeamCountry "GER"]
[BlackTeamCountry "GER"]

1. Nf3 d6 2. c4 g6 3. g3 Bg7 4. Bg2 c6 5. O-O f5 6. d3 Nf6 7. Qc2 O-O 8. Nbd2
Qc7 9. Nb3 e5 10. e3 Na6 11. a3 h6 12. Rb1 Be6 13. Nbd2 Qf7 14. b3 Kh7 15. Ne1
Rac8 16. Bb2 Nd7 17. Qd1 d5 18. Rc1 e4 19. Bxg7 Qxg7 20. d4 g5 21. Nc2 f4 22.
f3 fxe3 23. Nxe3 Qxd4 24. fxe4 Qxe3+ 25. Kh1 Rxf1+ 26. Nxf1 Qf2 27. cxd5 Bf7
28. Qg4 Nab8 29. e5 Bg6 30. d6 Qf5 31. Ne3 Qxg4 32. Nxg4 Nf8 33. Rd1 Ne6 34.
Nf6+ Kg7 35. Bh3 Bf7 36. Rf1 Rd8 37. Bf5 Nd4 38. g4 c5 39. d7 Nbc6 40. e6 Nxe6
41. Bxe6 Bxe6 42. Ne8+ Kh7 43. Rf8 Bxb3 44. Nf6+ Kg7 45. Rxd8 Nxd8 46. Ne4 Bd5
0-1

[Event "Niederbayrische Meisterschaft"]
[Site "?"]
[Date "2015.06.19"]
[Round "3.1"]
[White "Golder, Waldemar"]
[Black "Bielmeier, Ludwig"]
[Result "1/2-1/2"]
[WhiteElo "1897"]
[BlackElo "2151"]
[PlyCount "82"]
[EventDate "2015.06.26"]
[SourceDate "2015.09.06"]
[WhiteTeam "SC Ergolding 1932"]
[BlackTeam "SV Deggendorf"]
[WhiteTeamCountry "GER"]
[BlackTeamCountry "GER"]

1. e4 c6 2. d4 d5 3. Nc3 dxe4 4. Nxe4 Nf6 5. Nxf6+ gxf6 6. Qd3 Nd7 7. Bd2 Nb6
8. Ne2 e5 9. Bc3 Na4 10. Rd1 Be6 11. Qe3 Qb6 12. Ng3 O-O-O 13. Be2 Be7 14. O-O
Rdg8 15. Rfe1 h5 16. Nxh5 Rg6 17. Ng3 Rgh6 18. h3 Rg6 19. Bd3 Rgg8 20. Nf5 Bf8
21. dxe5 Qxe3 22. Rxe3 Nxc3 23. bxc3 fxe5 24. Rxe5 Rxh3 25. Nd4 Bd6 26. Ra5
Bh2+ 27. Kf1 Bc7 28. Rxa7 Rh1+ 29. Ke2 Rxd1 30. Ra8+ Bb8 31. Kxd1 Rxg2 32. f4
Bg4+ 33. Ke1 Bd7 34. Kf1 Rg4 35. Ne2 Kc7 36. Kf2 c5 37. Be4 Bb5 38. Bd3 Bc6 39.
Ra5 Kb6 40. Ra8 Bxf4 41. Rf8 Bd5 1/2-1/2

[Event "Niederbayrische Meisterschaft"]
[Site "?"]
[Date "2015.06.19"]
[Round "3.2"]
[White "Zepke, Armin"]
[Black "Gschwendtner, Stanislav"]
[Result "1-0"]
[WhiteElo "2109"]
[BlackElo "2019"]
[PlyCount "47"]
[EventDate "2015.06.26"]
[SourceDate "2015.09.06"]
[WhiteTeam "SC Bayerwald Regen/Zwiesel"]
[BlackTeam "SC Bayerwald Regen/Zwiesel"]
[WhiteTeamCountry "GER"]
[BlackTeamCountry "GER"]

1. d4 Nf6 2. Bf4 g6 3. e3 Bg7 4. Nf3 O-O 5. Be2 d6 6. h3 e6 7. O-O b6 8. c4 Bb7
9. Nc3 Ne4 10. Nxe4 Bxe4 11. Rc1 Nd7 12. Bh2 e5 13. c5 bxc5 14. dxe5 d5 15. Qa4
Rb8 16. b3 Re8 17. Rfd1 Re6 18. Nd2 Rb4 19. Qxa7 Bxe5 20. Bxe5 Rxe5 21. Nxe4
Rbxe4 22. Bf3 Rh4 23. Bxd5 Rxh3 24. Qa8 1-0

[Event "Niederbayrische Meisterschaft"]
[Site "?"]
[Date "2015.06.19"]
[Round "3.3"]
[White "Palmi, Herbert"]
[Black "Haselbeck, Franz"]
[Result "1/2-1/2"]
[WhiteElo "2082"]
[BlackElo "1920"]
[PlyCount "60"]
[EventDate "2015.06.26"]
[SourceDate "2015.09.06"]
[WhiteTeam "SC Bayerwald Regen/Zwiesel"]
[BlackTeam "SV Deggendorf"]
[WhiteTeamCountry "GER"]
[BlackTeamCountry "GER"]

1. e4 c6 2. d3 d5 3. Nd2 e5 4. Ngf3 Bd6 5. c3 Nf6 6. g3 Bg4 7. h3 Bh5 8. Bg2
Nbd7 9. Qe2 O-O 10. O-O Re8 11. g4 Bg6 12. Nh4 Nxe4 13. Nxe4 dxe4 14. Nxg6 exd3
15. Qxd3 Nc5 16. Qc2 hxg6 17. Be3 Qe7 18. Rfe1 Ne6 19. Rad1 Bc5 20. Rd3 Rad8
21. Bxc5 Qxc5 22. Rxd8 Rxd8 23. Rd1 Rxd1+ 24. Qxd1 Nf4 25. Qd8+ Qf8 26. Qc7 f6
27. Qxb7 Qd6 28. Bf1 Qc5 29. a4 g5 30. Qd7 a5 1/2-1/2

[Event "Niederbayrische Meisterschaft"]
[Site "?"]
[Date "2015.06.19"]
[Round "3.4"]
[White "Huber, Florian"]
[Black "Stadler, Alexander"]
[Result "0-1"]
[WhiteElo "1754"]
[BlackElo "2060"]
[PlyCount "112"]
[EventDate "2015.06.26"]
[SourceDate "2015.09.06"]
[WhiteTeam "SK Landau/Dingolfing"]
[BlackTeam "SV Röhrnbach"]
[WhiteTeamCountry "GER"]
[BlackTeamCountry "GER"]

1. d4 d6 2. Nf3 g6 3. c4 Bg7 4. e3 e5 5. dxe5 dxe5 6. Qxd8+ Kxd8 7. e4 Nc6 8.
Bg5+ f6 9. Be3 Bh6 10. Nc3 Bxe3 11. fxe3 Be6 12. O-O-O+ Kc8 13. Be2 Nd8 14. Rd2
Nf7 15. Rhd1 c6 16. Na4 b6 17. b4 Ne7 18. b5 cxb5 19. cxb5 Rd8 20. Nc3 Kb7 21.
Nd5 Rac8+ 22. Kb2 Bxd5 23. exd5 Rc5 24. e4 Nd6 25. Bd3 Nxb5 26. Rc1 Rxc1 27.
Kxc1 Rc8+ 28. Kb2 Nd6 29. Kb3 Rc5 30. a4 Kc7 31. g4 Kd8 32. Rc2 Rxc2 33. Bxc2
g5 34. Nd2 Kc7 35. Bd3 Kb7 36. Kb4 Nec8 37. Nf1 Ne8 38. Ng3 Ng7 39. Be2 Nd6 40.
Bd3 a6 41. a5 Ka7 42. Bc2 Nb7 43. axb6+ Kxb6 44. Kc4 Nd6+ 45. Kb4 Nb5 46. Ba4
a5+ 47. Kc4 Ne8 48. Ne2 Ned6+ 49. Kd3 Kc5 50. Nc1 Kb4 51. Bxb5 Nxb5 52. Na2+
Kb3 53. Nc1+ Kb2 54. Kd2 a4 55. Nd3+ Kb1 56. Nb4 a3 0-1

[Event "Niederbayrische Meisterschaft"]
[Site "?"]
[Date "2015.06.19"]
[Round "3.5"]
[White "Beutel, Hubert"]
[Black "Bangert, Rüdiger"]
[Result "0-1"]
[WhiteElo "2041"]
[BlackElo "1614"]
[PlyCount "66"]
[EventDate "2015.06.26"]
[SourceDate "2015.09.06"]
[WhiteTeam "SK Passau 1869"]
[BlackTeam "SC Bayerwald Regen/Zwiesel"]
[WhiteTeamCountry "GER"]
[BlackTeamCountry "GER"]

1. e4 Nc6 2. Nf3 d6 3. d4 e6 4. Bb5 Bd7 5. O-O a6 6. Ba4 b5 7. Bb3 Na5 8. c3
Nxb3 9. axb3 Be7 10. Re1 Nf6 11. b4 O-O 12. Bg5 h6 13. Bxf6 Bxf6 14. Nbd2 e5
15. dxe5 dxe5 16. h3 Qe7 17. Nb3 Rad8 18. Qe2 Be6 19. Nc5 Bc4 20. Qe3 Rd6 21.
Ra5 Ra8 22. Rea1 Qd8 23. Kh2 Qc8 24. b3 Be6 25. Qe2 g5 26. Rd1 g4 27. hxg4 Bxg4
28. Ra2 Bg5 29. Rxd6 cxd6 30. Nd3 Qxc3 31. Rc2 Qxb3 32. Rc6 Qe6 33. Ndxe5 Bf4+
0-1